駅利用者数ランキングTOP30(滋賀県) - Statistics

General Stats
  • This quiz has been taken 309 times
  • The average score is 20 of 30
Answer Stats
駅名 利用者数 % Correct
7 大津 33164
100%
1 草津 58114
98%
10 米原 22624
97%
11 彦根 20659
96%
2 南草津 53720
95%
5 近江八幡 33996
93%
21 長浜 7780
91%
9 膳所 24120
89%
8 野洲 27190
88%
3 石山 41368
87%
6 守山 33714
84%
12 栗東 18148
79%
13 大津京 17994
78%
15 能登川 12604
76%
14 堅田 14750
74%
4 瀬田 34294
68%
18 南彦根 10918
66%
17 比叡山坂本 11062
65%
30 びわ湖浜大津 4709
62%
19 おごと温泉 10826
61%
20 貴生川 8460
49%
27 河瀬 5512
48%
24 京阪石山 6359
47%
26 京阪膳所 5823
44%
23 唐崎 6992
38%
21 田村 7780
34%
28 京阪大津京 5402
32%
29 小野 4876
32%
16 坂本比叡山口 11062
27%
25 手原 6170
27%
No matching quizzes found
Score Distribution
Percent of People with Each Score
Percentile by Number Answered
Your Score History
You have not taken this quiz